Responses for Show #3031 - Monday, November 3, 1997

1997-B Teen Tournament quarterfinal game 1.

Contestants

[<< previous game]

Kira Whelan, a senior from Seal Beach, California

Justin Watkins, a senior from Martinsville, Virginia

Kristen Stuckey, a senior from Richardson, Texas

[next game >>]

Jeopardy! Round responses

WHAT'S YOUR SIGN?
FAVORITE SINGERS
GRANDMA'S SECRET DIARY
ANIMALS
KEEP ON TRUCKIN'
RHYMES WITH PICKLE
    $100 1
Taurus

Justin
    $100 9
Garth Brooks

Kristen
    $100 14
Thanksgiving

Kristen
    $100 2
Porcupine

Kira
    $100 26
Dump truck

Kristen
    $100 17
Nickel

Justin
    $200 5
Leo

Kira
    $200 10
(Kira: What is Willie?)

Prince

JustinKira
    $200 15
Gasoline

Kristen
    $200 3
Ostriches

Kira
    $200 27
Piggybacking

Justin
    $200 18
Sickle

Kristen
    $300 6
Sagittarius

Kristen
    $300 11
Lilith Fair

Kristen
    $300 16
Fantasia

Kira
    $300 4
Nectar

Kristen
    $300 28
Diesel

Kristen
    $300 21
Tickle

Kristen
    $400 7
Aquarius

Kristen
    $400 12
Bono

Kira
    $400 19
(Kira: What are pantyhose?)
...
(Alex: Pantyhose weren't around yet.)

Nylons

KristenKira
    $400 24
(Kira: What is its nose?)

Tail

Kira
Triple Stumper
    $400 29
(J: no response)

Mack

KristenJustin
    $400 22
Trickle

Kristen
    $500 8
Virgo

Kristen
    $500 13
Luscious Jackson

Justin
    $500 20
Joe DiMaggio

Kristen
    $500 25
a tortoise

Kristen
    $500 30
UPS (United Parcel Service)

Kristen
    $500 23
Fickle

Kristen

Scores at the first commercial break (after clue 15):

Kristen Justin Kira
$2,200 $800 $700

Scores at the end of the Jeopardy! Round:

Kristen Justin Kira
$6,300 $700 $200

Double Jeopardy! Round responses

WHAT'S YOUR SYMBOL?
(Alex: We'll show you a symbol, you identify what it means)
U.S. CITIES
FUN WITH OPERA
7
FILMS OF THE '90s
"CROSS"TALK
    $200 6
no dogs allowed

Kristen
    $200 11
Arizona

Kristen
    $200 26
the telephone

Kristen
    $200 16
Rome

Justin
    $200 1
Santa Claus

Kira
    $200 21
crossbones

Kristen
    $400 7
the Justice Department

Kira
    $400 12
spinach

Kira
    $400 27
A Christmas Carol

Kira
    $400 17
days of the week

Kristen
    $400 2
Schindler's List

Justin
    $400 22
cross country

Justin
    $600 8
(Kira: What is Biohazard... Caution: Biohazard?)

radioactive

KristenKira
    $600 13
St. Louis

Kristen
    $600 28
Hans Christian Andersen

Kristen
    $600 18
Judaism

Kristen
    $600 3
(Kristen: What is a disease... ebola virus?)
(Alex: You were too specific--it was not the ebola virus that was in that particular movie.)

a virus

KristenKira
    $600 23
Crossfire

Kira
    $1,200 9
(Kristen: What are sign language, semaphore and dots?)

sign language, semaphore & Braille

Kristen
    $800 14
(Justin: What is Hartford?)

Providence, Rhode Island

Justin
Triple Stumper
    $800 29
Hansel and Gretel

Kira
    $800 19
the 7 deadly sins

Justin
    $1,300 5
Jerry Maguire

Kristen
    $800 24
Holy Cross

Kira
    $1000 10
drug store (or pharmacy)

Kristen
    $1000 15
New Orleans

Kristen
    $1000 30
Richard Wagner

Kira
    $1000 20
(Justin: What are Ivy League schools?)

Seven Sisters

JustinKira
    $1000 4
Jennifer Aniston

Kristen
    $1000 25
(Kira: What is motorcross?)
(Alex: We'll accept that--we have less than a minute.)

motocross

Kira

Scores at the end of the Double Jeopardy! Round:

Kristen Justin Kira
$12,400 $700 $6,800

Final Jeopardy! Round responses

AMERICAN LITERATURE
JustinWho is Jack London?
$699
KiraWho is London?
$3,200
KristenWho is Jack London?
$1,201
Jack London

Final scores:

Kristen Justin Kira
$13,601 $1,399 $10,000
Automatic semifinalist 3rd place: $1,000 if eliminated 2nd place: $1,000 if eliminated

Game dynamics:

Coryat scores:

Kristen Justin Kira
$13,100 $700 $6,800
32 R
(including 2 DDs),
2 W
(including 1 DD)
9 R,
3 W
16 R,
4 W

Combined Coryat: $20,600

[game clues] [game scores] [suggest correction]

Game tape date: 1997-10-12
The J! Archive is created by fans, for fans. Scraping, republication, monetization, and malicious use prohibited; this site may use cookies and collect identifying information. See terms. The Jeopardy! game show and all elements thereof, including but not limited to copyright and trademark thereto, are the property of Jeopardy Productions, Inc. and are protected under law. This website is not affiliated with, sponsored by, or operated by Jeopardy Productions, Inc. Join the discussion at JBoard.tv.